Statistics for European Countries Ranked by HDI

Click here to take the quiz!

General Stats

  • This quiz has been taken 56 times
  • The average score is 29 of 44

Answer Stats

HDI scoreCountry% Correct
0,962Switzerland
100%
0,959Iceland
97%
0,961Norway
97%
0,948Denmark
90%
0,942Germany
87%
0,947Sweden
87%
0,945Ireland
81%
0,941Netherlands
81%
0,937Belgium
77%
0,940Finland
77%
0,935Liechtenstein
74%
0,930Luxembourg
74%
0,929United Kingdom
74%
0,780Bosnia
68%
0,903France
68%
0,767Moldova
68%
0,802Serbia
68%
0,773Ukraine
68%
0,796Albania
65%
0,916Austria
65%
0,808Belarus
65%
0,795Bulgaria
65%
0,890Estonia
65%
0,770North Macedonia
61%
0,821Romania
61%
0,822Russia
61%
0,905Spain
61%
0,858Croatia
58%
0,895Italy
58%
0,918Malta
58%
0,832Montenegro
58%
0,918Slovenia
58%
0,887Greece
55%
0,846Hungary
55%
0,863Latvia
55%
0,875Lithuania
55%
0,876Poland
55%
0,889Czechia
52%
0,866Portugal
52%
0,848Slovakia
52%
0,858Andorra
45%
0,896Cyprus
45%
0,853San Marino
45%
0,838Turkey
45%

Score Distribution

Percentile by Number Answered

Percent of People with Each Score

Your Score History

You have not taken this quiz